000 00614nam a2200205Ii 4500
003 JO-AjNU
008 230605s9999||||xx |||||||||||||| ||und||
040 _aJO-AjNU
_bara
_erda
_cJO-AjNU
041 _aara
050 1 4 _aBP193.13.S5288 1992
100 3 _aشلبي، محمود,
_eauthor
_935751
245 0 0 _aحياة الإمام الحسين
250 _aط2
264 3 1 _aبيروت: دار الجيل، 1992
300 _a310ص
336 _atext
_btxt
_2rdacontent
337 _aunmediated
_bn
_2rdamedia
338 _avolume
_bnc
_2rdacarrier
650 4 _aالامام الحسين بن علي
_935752
999 _aA14790
_c18358
_d18358